| 000 | 00526nam a2200205 a 4500 | ||
|---|---|---|---|
| 001 | 85519 | ||
| 003 | BD-RjUL | ||
| 005 | 20250812115216.0 | ||
| 008 | 250812s19161909enk||||| |||| 00| 0 eng d | ||
| 035 | _a(BD-RjUL)85519 | ||
| 040 |
_aBD-RjUL _beng _cBD-RjUL |
||
| 041 | _aeng | ||
| 082 |
_223 _a821.6 _bGOG 1916 |
||
| 100 |
_aGosse, Edmund _916582 |
||
| 245 |
_aGray / _cEdmund Gosse |
||
| 260 |
_aLondon : _bMacmillan, _c1916 |
||
| 300 |
_a231 p.; _c18 cm. |
||
| 600 |
_a Gray, Thomas, _d1716-1771. _916584 |
||
| 942 |
_2ddc _cBK |
||
| 999 |
_c85519 _d85519 |
||